Nghiên cứu các nhân tố ảnh hưởng đến sự hài lòng của khách hàng đối với chất lượng dịch vụ kiều hối của các chi nhánh Ngân hàng Thương mại Cổ phần Công thương Việt Nam ở khu vực Đồng bằng sông Cửu Long : Luận văn Thạc sĩ Kinh tế. Chuyên ngành Tài chính ngân hàng

Đề tài nghiên cứu nhằm đánh giá mức độ hài lòng của khách hàng đối với chất lượng dịch vụ kiều hối của Vietinbank khu vực đồng bằng Sông Cửu Long. Từ đó làm cơ sở để tiếp tục hoàn thiện, đề xuất các giải pháp nhằm nâng cao sự hà...

Full description

Saved in:
Bibliographic Details
Main Author: Thạch, Đan Phương
Format: Book
Language:Undetermined
Published: Cần Thơ Trường Đại học Cần Thơ 2016
Subjects:
Tags: Add Tag
No Tags, Be the first to tag this record!
Institutions: Trung tâm Học liệu Trường Đại học Cần Thơ
LEADER 01467nam a2200217Ia 4500
001 CTU_212189
008 210402s9999 xx 000 0 und d
082 |a 332.12 
082 |b Ph561 
088 |a 60340201 
100 |a Thạch, Đan Phương 
245 0 |a Nghiên cứu các nhân tố ảnh hưởng đến sự hài lòng của khách hàng đối với chất lượng dịch vụ kiều hối của các chi nhánh Ngân hàng Thương mại Cổ phần Công thương Việt Nam ở khu vực Đồng bằng sông Cửu Long : 
245 0 |b Luận văn Thạc sĩ Kinh tế. Chuyên ngành Tài chính ngân hàng 
245 0 |c Thạch Đan Phương ; Bùi Văn Trịnh (Cán bộ hướng dẫn) 
260 |a Cần Thơ 
260 |b Trường Đại học Cần Thơ 
260 |c 2016 
520 |a Đề tài nghiên cứu nhằm đánh giá mức độ hài lòng của khách hàng đối với chất lượng dịch vụ kiều hối của Vietinbank khu vực đồng bằng Sông Cửu Long. Từ đó làm cơ sở để tiếp tục hoàn thiện, đề xuất các giải pháp nhằm nâng cao sự hài lòng của khách hàng 
650 |a Commercial banking,Ngân hàng thương mại 
904 |i Nguyên 
980 |a Trung tâm Học liệu Trường Đại học Cần Thơ